01010cam a22002774a 4500999001300000001000600013003000900019005001700028008004100045020001500086040003800101082001900139100002200158245007900180250001200259260003600271300004500307504005100352650002000403650002000423650002200443700002100465942001200486952011700498952011700615 c679d67912400BD-DhUAP20200128094904.0120413s2012 dcuab b 001 0 eng  a1853464015 aBD-DhUAPcBD-DhUAPdBD-DhUAPbEng00a307.76 HER223 aHerbert, David T. aCities in space : bcity as place /cDavid T. Herbert and Colin J. Thomas. a3rd ed. aLondon :bDavid fulton,cc1997. avi, 377 pages :billustrations ;c25 cm. aIncludes bibliographical references and index. aUrban geography aHuman geography aCities and towns. aThomas, Colin J. 2ddccBK 00102ddc4070aUAPCLbUAPCLcGeneral Stacksd2020-01-26o307.76 HERp3010012400r2020-01-26t1w2020-01-26yBK 00102ddc4070aUAPCLbUAPCLcGeneral Stacksd2020-03-11o307.76 HERp3010019816r2020-03-11t2w2020-03-11yBK